| 000 | 00911nam a2200301 i 4500 | ||
|---|---|---|---|
| 003 | EG-GICUC | ||
| 005 | 20260507135833.0 | ||
| 008 | 260507s1934 enk||||fr|||| 00| 0 eng d | ||
| 040 |
_aEG-GiCUC _beng _cEG-GiCUC _dEG-GiCUC _erda |
||
| 041 | _aeng | ||
| 082 | 0 | 4 |
_221 _a345.31 _bHA.P |
| 092 | 0 | 4 | _221 |
| 099 | _aLaw1 07 345.31 HA.P 1934 | ||
| 100 | 1 |
_a Harrison , Leonard V. _eAuthor. |
|
| 245 |
_aPolice Administration In Boston / _cLeonard V. Harrison . |
||
| 264 |
_aCambridge : _bHarvard University Press , _c1934 . |
||
| 300 |
_a203 pages , _c24 cm |
||
| 336 |
_2rda content _atext |
||
| 337 |
_2rda media _aComputer |
||
| 338 |
_2rda carrier _aOnline Resource |
||
| 546 | _aText in English | ||
| 650 | 1 | _aAdministrative law | |
| 650 | 1 | _aAdministrative control | |
| 651 | 1 | _2qrmak | |
| 856 | 4 | 0 | _uhttps://fll.law.cu.edu.eg/fulltext/bks/B07-05599.pdf |
| 905 | _a60 | ||
| 942 |
_2ddc _cBK _e21 _n0 |
||
| 999 |
_c76171 _d76171 |
||